Charcot, the clinician : (Record no. 601)

000 -LEADER
fixed length control field 01381nam a22003617a 4500
001 - CONTROL NUMBER
control field 3840460
003 - CONTROL NUMBER IDENTIFIER
control field OSt
005 - DATE AND TIME OF LATEST TRANSACTION
control field 20210421054343.0
008 - FIXED-LENGTH DATA ELEMENTS--GENERAL INFORMATION
fixed length control field 870616s1987 nyua b 001 0 eng c
010 ## - LIBRARY OF CONGRESS CONTROL NUMBER
LC control number 87016550
020 ## - INTERNATIONAL STANDARD BOOK NUMBER
International Standard Book Number 0881673153
040 ## - CATALOGING SOURCE
Original cataloging agency DNLM/DLC
Transcribing agency DLC
Modifying agency eng
Language of cataloging eng
041 1# - LANGUAGE CODE
Language code of text/sound track or separate title engfre
050 00 - LIBRARY OF CONGRESS CALL NUMBER
Classification number RC359
Item number .C4713 1987
060 ## - NATIONAL LIBRARY OF MEDICINE CALL NUMBER
Classification number WL 100 C483L
080 ## - UNIVERSAL DECIMAL CLASSIFICATION NUMBER
Universal Decimal Classification number 616.8
Item number C-47
082 00 - DEWEY DECIMAL CLASSIFICATION NUMBER
Classification number 616.8/049
Edition number 19
100 1# - MAIN ENTRY--PERSONAL NAME
Personal name Charcot, J. M.
Fuller form of name (Jean Martin),
Dates associated with a name 1825-1893.
240 10 - UNIFORM TITLE
Uniform title Leçons du mardi à la Salpêtrière.
Language of a work English
245 10 - TITLE STATEMENT
Title Charcot, the clinician :
Remainder of title the Tuesday lessons : excerpts from nine case presentations on general neurology delivered at the Salpêtrière Hospital in 1887-88 by Jean-Martin Charcot /
Statement of responsibility, etc. translated with commentary by Christopher G. Goetz.
260 ## - PUBLICATION, DISTRIBUTION, ETC.
Place of publication, distribution, etc. New York :
Name of publisher, distributor, etc. Raven Press,
Date of publication, distribution, etc. c1987.
300 ## - PHYSICAL DESCRIPTION
Extent xxx, 193 p. :
Other physical details ill. ;
Dimensions 25 cm.
365 ## - TRADE PRICE
Price amount 62 usd
500 ## - GENERAL NOTE
General note Translated from: Leçons du mardi à la Salpêtrière.
504 ## - BIBLIOGRAPHY, ETC. NOTE
Bibliography, etc. note Includes bibliographies and index.
650 #0 - SUBJECT ADDED ENTRY--TOPICAL TERM
Topical term or geographic name entry element Neurology
General subdivision Case studies.
650 #2 - SUBJECT ADDED ENTRY--TOPICAL TERM
Topical term or geographic name entry element Nervous System Diseases.
653 ## - INDEX TERM--UNCONTROLLED
Uncontrolled term ნევროლოგია
653 ## - INDEX TERM--UNCONTROLLED
Uncontrolled term ნერვული სისტემის დაავადებები
700 1# - ADDED ENTRY--PERSONAL NAME
Personal name Goetz, Christopher G.
Relator term Translator
906 ## - LOCAL DATA ELEMENT F, LDF (RLIN)
a 7
b cbc
c orignew
d 1
e ocip
f 19
g y-gencatlg
942 ## - ADDED ENTRY ELEMENTS (KOHA)
Source of classification or shelving scheme
Koha item type Books
Holdings
Withdrawn status Lost status Source of classification or shelving scheme Damaged status Not for loan Permanent location Current location Date acquired Inventory number Total Checkouts Full call number Barcode Date last seen Price effective from Koha item type
          Ken Walker International University Ken Walker International University 12/14/2020 744   616.8 C-47 744 12/14/2020 12/14/2020 Books

Powered by Koha